| 000 | 006000000a22002170004500 | ||
|---|---|---|---|
| 041 | 0 | _aEspañol | |
| 090 |
_aMM _b00012 |
||
| 245 | 1 | 0 | _aPlagas |
| 300 |
_a10 min. _bBETA |
||
| 650 | 1 | 4 |
_aPlagas forestales _99779 |
| 650 | 1 | 4 |
_aControl de plagas _91120 |
| 650 | 1 | 4 |
_aControl biológico _992696 |
| 650 | 1 | 4 |
_aBarrenadores _9100873 |
| 650 | 1 | 4 |
_aHormigas arrieras _9100874 |
| 651 | 4 |
_pColombia _992749 |
|
| 041 | 0 | _aEspañol | |
| 044 | _aColombia | ||
| 110 | 1 |
_aInstituto Nacional de los Recursos Renovables y del Ambiente _sINDERENA _9100867 |
|
| 260 |
_aBogotá _bINDERENA _c1992 |
||
| 942 | _cCD-ROM | ||
| 999 |
_c16463 _d16463 |
||